000 00932nas a2200301 4500
001 BR2011004434
003 BR-BrBNA
005 20231205115515.0
007 ta
008 230509b bl.|||p| |||| 00| 00por d
040 _aBR-BrBNA
_bpor
_cBiblioteca Nacional de Agricultura
041 _a(Pt)
072 _aF04; F01
100 1 _aAndreotti, M.
100 1 _aWimmer Neto, L.
100 1 _aNava, I.A.
100 1 _aFurlani Junior, E.
100 1 _aSalatiér, B.
245 1 _aProdutividade do milho sob sistema plantio direto em função de fontes e formas de adubação nitrogenada em cobertura
650 _aFERTILIZANTE NITROGENADO
650 _aMILHO
650 _aPLANTIO DIRETO
650 _aURÉIA
650 _aCAMA DE GALINHEIRO
773 0 _tCultura Agronômica (Brazil)
_xISSN 0104-1010
_g(2008), v. 17(1) p. 105-113
_wBR2011004434
909 _a202311
_bLúcia
_c55
_dLúcia Elande
942 _2AGRIS
_n0
_cANA
999 _c214155
_d214155